| 000 | 00491nam a22001577a 4500 | ||
|---|---|---|---|
| 005 | 20251108172014.0 | ||
| 008 | 250721s1984 xx 000 0 ara d | ||
| 082 | 1 | 4 | _a366.1/شاه |
| 100 | 1 | _aمكاريوس، شاهين بك | |
| 245 | 1 | 0 | _aالدستور الماسوني العام للطريقة الأورشليمية / |
| 264 | 1 |
_aالقاهرة : _bدار رواد النهضة، _c1984. |
|
| 300 | _a104ص | ||
| 650 | 1 | 7 | _aالماسونية |
| 942 |
_2ddc _cBK |
||
| 999 |
_c68084 _d68084 |
||